Most Populous Delaware Municipalities in 2000 - Statistics

General Stats
  • This quiz has been taken 3 times
  • The average score is 3 of 10
Answer Stats
Population County Status Municipality % Correct
32,269 Kent City Dover
100%
72,561 New Castle City Wilmington
100%
29,360 New Castle City Newark
33%
4,952 ___ ______ City New Castle
33%
5,903 New Castle Town Elsmere
0%
4,789 Sussex Town Georgetown
0%
6,737 New Castle Town Middletown
0%
7,487 Kent/Sussex City Milford
0%
7,073 Sussex City Seaford
0%
6,695 Kent/New Castle Town Smyrna
0%
No matching quizzes found
Score Distribution
Percent of People with Each Score
Percentile by Number Answered
Your Score History
You have not taken this quiz